South Eastern Kenya University

Library Online Public Access Catalogue


Medicinal plants research compendium (Record no. 8785)

MARC details
000 -LEADER
fixed length control field 00453nam a22001817a 4500
003 - CONTROL NUMBER IDENTIFIER
control field OSt
005 - DATE AND TIME OF LATEST TRANSACTION
control field 20150909175654.0
008 - FIXED-LENGTH DATA ELEMENTS--GENERAL INFORMATION
fixed length control field 150909b xxu||||| |||| 00| 0 eng d
040 ## - CATALOGING SOURCE
Original cataloging agency SEKU
050 ## - LIBRARY OF CONGRESS CALL NUMBER
Classification number RS 164
Item number .S87 2012
100 ## - MAIN ENTRY--PERSONAL NAME
Personal name Suresh B.
245 ## - TITLE STATEMENT
Title Medicinal plants research compendium
Remainder of title volume II
260 ## - PUBLICATION, DISTRIBUTION, ETC. (IMPRINT)
Place of publication, distribution, etc. India
Name of publisher, distributor, etc. JSS university,Mysore
Date of publication, distribution, etc. 2012
300 ## - PHYSICAL DESCRIPTION
Extent 106 p.
700 ## - ADDED ENTRY--PERSONAL NAME
Personal name Nanjan M.J.
700 ## - ADDED ENTRY--PERSONAL NAME
Personal name Dhanabal S.P.
942 ## - ADDED ENTRY ELEMENTS (KOHA)
Source of classification or shelving scheme Library of Congress Classification
Koha item type General circulation
Holdings
Withdrawn status Lost status Source of classification or shelving scheme Damaged status Not for loan Home library Current library Shelving location Date acquired Total Checkouts Full call number Barcode Date last seen Price effective from Koha item type
    Library of Congress Classification     Wote Campus Library Wote Campus Library General Stacks 09/09/2015   RS 164 .S87 2012 2015/007854 09/09/2015 09/09/2015 General circulation
Kitui, Kenya.
+254736116989
library@seku.ac.ke